000 00502nam a22001697a 4500
999 _c60976
_d60976
005 20231130165459.0
008 231130s2007 gw ||||| |||| 00| 0 ger d
020 _a9783766146922
041 _ager
080 _a94(4) S-78
245 _aSpätantike /
_bEuropa zwischen Antike und Mittelalter.
264 _aBamberg,
_c2007.
300 _a128 c.
_bill.
_c25 cm.
653 _aგვიანი ანტიკური ხანა
653 _aისტორია
942 _2udc
_cᲬᲘᲒᲜᲘ